00388nam a2200145Ia 4500003000400000005001700004008004000021040000700061082001700068100002100085245003900106260003500145300001300180650004900193OSt20241008094743.0210210b1984 xxu||||| |||| 00| 0 eng d cAL a823.912 SINL aSINGH (Tajindar) aLiterary criticism of D H Lawrence aN DbAcademic Paperbacksc1984 aviii,167 aModern Judgements, Henry James Lawrence D H